书目信息 |
| 题名: |
新基建
|
|
| 作者: | 任泽平 , 马家进 , 连一席 著 | |
| 分册: | ||
| 出版信息: | 北京 中信出版集团股份有限公司 2020 |
|
| 页数: | 14,343页 | |
| 开本: | 23cm | |
| 丛书名: | ||
| 单 册: | ||
| 中图分类: | F299.24 , F299.2 | |
| 科图分类: | ||
| 主题词: | 基础设施建设--研究--中国 | |
| 电子资源: | ||
| ISBN: | 978-7-5217-1878-2 | |
| 000 | 01227nam0 2200277 450 | |
| 001 | 2068769052 | |
| 005 | 20210105111718.96 | |
| 010 | @a978-7-5217-1878-2@dCNY68.00 | |
| 100 | @a20200925d2020 em y0chiy50 ea | |
| 101 | 0 | @achi |
| 102 | @aCN@b110000 | |
| 105 | @ay z 000yy | |
| 200 | 1 | @a新基建@9xin ji jian@b专著@e全球大变局下的中国经济新引擎@f任泽平,马家进,连一席著 |
| 210 | @a北京@c中信出版集团股份有限公司@d2020 | |
| 215 | @a14,343页@d23cm | |
| 312 | @a副题名取自封面 | |
| 330 | @a本书对新基建的内涵进行了分析,并提出了独到的见解。全书共分九章,内容包括:疫情大流行、全球经济危机及对其影响;启动新基建:补短板、稳增长与五大新理念;5G:引领新一轮产业革命和大国竞争;数据中心:抓住数字经济新机遇;人工智能:迎接智能新时代;充电桩:迈向新能源汽车时代;城市群:人口大流动带来的投资机遇;新基建与功能财政;全球六次金融大危机的启示。 | |
| 517 | 1 | @a全球大变局下的中国经济新引擎@9quan qiu da bian ju xia de zhong guo jing ji xin yin qing |
| 606 | 0 | @a基础设施建设@x研究@y中国 |
| 690 | @aF299.24@v5 | |
| 690 | @aF299.2@v4 | |
| 701 | 0 | @a任泽平@9ren ze ping@f(1979-)@4著 |
| 701 | 0 | @a马家进@9ma jia jin@4著 |
| 701 | 0 | @a连一席@9lian yi xi@4著 |
| 801 | 2 | @aCN@b58marc.cn@c20200927 |
| 905 | @aMUSE@dF299.2@e12 | |
| 新基建:全球大变局下的中国经济新引擎/任泽平,马家进,连一席著.-北京:中信出版集团股份有限公司,2020 |
| 14,343页;23cm |
| ISBN 978-7-5217-1878-2:CNY68.00 |
| 本书对新基建的内涵进行了分析,并提出了独到的见解。全书共分九章,内容包括:疫情大流行、全球经济危机及对其影响;启动新基建:补短板、稳增长与五大新理念;5G:引领新一轮产业革命和大国竞争;数据中心:抓住数字经济新机遇;人工智能:迎接智能新时代;充电桩:迈向新能源汽车时代;城市群:人口大流动带来的投资机遇;新基建与功能财政;全球六次金融大危机的启示。 |
| ● |
| 相关链接 |
|
|
|
正题名:新基建
索取号:F299.2/12
 
预约/预借
| 序号 | 登录号 | 条形码 | 馆藏地/架位号 | 状态 | 备注 |
| 1 | 2000877087 | 2000877087 | 第二书库/ [索取号:F299.2/12] | 在馆 | |
| 2 | 2000877088 | 2000877088 | 第二书库/ [索取号:F299.2/12] | 在馆 | |
| 3 | 871713 | 2000871713 | 第二书库/ [索取号:F299.2/12] | 在馆 | |
| 4 | 871714 | 2000871714 | 第二书库/ [索取号:F299.2/12] | 在馆 | |
| 5 | 871715 | 2000871715 | 第二书库/ [索取号:F299.2/12] | 在馆 |